00285nam a2200109Ia 4500008004100000041000800041082001600049100002000065245004500085260003800130365000700168240624s9999 xx 000 0 und d aeng a006.312 KAR aKARGUPTA HILLOL aDATA MINING NEXT GENERATION CHALLENGES A aNew DelhibPrentice-Hall of India cRS